000 00891nam a2200229Ii 4500
003 JO-AjNU
008 230605s9999||||xx |||||||||||||| ||und||
017 _a4309/10/2123
020 _a978-9957-91-778-4
040 _aJO-AjNU
_bara
_erda
_cJO-AjNU
041 _aara
050 1 4 _aHG178.3.N33 2021
100 3 _aالنابلسي، سليم فيصل,
_eauthor
_963953
245 0 0 _aالتمويل الاصغر: المفاهيم والممارسات المؤسسية=Microfinance: Concepts and institutional practices
250 _aط1
264 3 1 _aعمان: دار وائل للنشر والتوزيع، 2021
300 _a336ص
336 _atext
_btxt
_2rdacontent
337 _aunmediated
_bn
_2rdamedia
338 _avolume
_bnc
_2rdacarrier
650 4 _aمؤسسات التمويل-الاقراض-المشاريع ااستثمارية-التنمية الاقتصادية
_963954
999 _aA29035
_c32603
_d32603